00530nam a2200193 a 450000100060000000300090000600800410001502000180005604000280007408200110010210000250011324500310013826000530016930000070022249000210022965000340025065000220028465000300030622357CO-ViMGA141112s2004 ck r 000 u spa d a9789583017292 aCO-ViMGAbspacCO-ViMGA04aNIÑs1 aNiño, Jairo Anibal10aSana, Sana, Colita de rana aSantafé de Bogotá : bPanAméricana, c2005 a47 aQue pase el tren14aCUENTOS JUVENILES COLOMBIANOS14aMEDICOS - POESIAS14aMEDICOS CUENTOS JUVENILES